|
|
|
|
| LEADER |
00000nbm0a2200000 4500 |
| 001 |
186642 |
| 005 |
20231031173619.0 |
| 035 |
|
|
|a (RuTPU)RU\TPU\book\202500
|
| 090 |
|
|
|a 186642
|
| 100 |
|
|
|a 20101101d1965 k y0rusy50 ca
|
| 101 |
0 |
|
|a rus
|
| 102 |
|
|
|a RU
|
| 105 |
|
|
|a a p 001zy
|
| 200 |
1 |
|
|a Комплексное использование торфа в народном хозяйстве Западной Сибири
|e Отчет о НИР № 4
|f Томский политехнический институт (ТПИ) ; руководитель С. И. Смольянинов
|
| 210 |
|
|
|a Томск
|d 1965
|
| 215 |
|
|
|a 350 л.
|
| 320 |
|
|
|a Библиогр.: с. 349-350.
|
| 610 |
1 |
|
|a отчеты о НИР
|
| 610 |
1 |
|
|a торф
|
| 610 |
1 |
|
|a использование
|
| 610 |
1 |
|
|a Бакчарские руды
|
| 610 |
1 |
|
|a металлургическое топливо
|
| 610 |
1 |
|
|a железная руда
|
| 610 |
1 |
|
|a восстановление
|
| 610 |
1 |
|
|a доменный газ
|
| 610 |
1 |
|
|a органические соединения
|
| 610 |
1 |
|
|a удобрения
|
| 610 |
1 |
|
|a гуматы
|
| 610 |
1 |
|
|a Западная Сибирь
|
| 675 |
|
|
|a 553.97
|v 3
|
| 675 |
|
|
|a 662.64
|v 3
|
| 702 |
|
1 |
|a Смольянинов
|b С. И.
|c российский химик-технолог
|c профессор Томского политехнического университета
|f 1925-1991
|g Станислав Иванович
|2 stltpush
|3 (RuTPU)RU\TPU\pers\15849
|4 673
|
| 712 |
0 |
2 |
|a Томский политехнический институт (ТПИ)
|c (1944-1991)
|2 stltpush
|3 (RuTPU)RU\TPU\col\1123
|4 595
|
| 801 |
|
1 |
|a RU
|b 63413507
|c 20101101
|
| 801 |
|
2 |
|a RU
|b 63413507
|c 20180604
|g RCR
|
| 942 |
|
|
|c BK
|